书目信息 |
| 题名: |
量热学基础与应用
|
|
| 作者: | 胡荣祖 主编 | |
| 分册: | ||
| 出版信息: | 北京 科学出版社 2011.10 |
|
| 页数: | 16,643页 | |
| 开本: | 24cm | |
| 丛书名: | 现代化学基础丛书 | |
| 单 册: | ||
| 中图分类: | O551.1 | |
| 科图分类: | ||
| 主题词: | 量热学--基本知识 , 量热学 | |
| 电子资源: | ||
| ISBN: | 978-7-03-032479-5 | |
| 000 | 01049oam2 2200277 450 | |
| 001 | 005463100 | |
| 005 | 20140610103817.87 | |
| 010 | @a978-7-03-032479-5@dCNY98.00 | |
| 100 | @a20111104d2011 em y0chiy0110 ea | |
| 101 | 0 | @achi |
| 102 | @aCN@b110000 | |
| 105 | @ay z 000yy | |
| 106 | @ar | |
| 200 | 1 | @a量热学基础与应用@9liang re xue ji chu yu ying yong@f胡荣祖[等]主编 |
| 210 | @a北京@c科学出版社@d2011.10 | |
| 215 | @a16,643页@d24cm | |
| 225 | 2 | @a现代化学基础丛书@v25 |
| 304 | @a主编还有:赵凤起、高红旭、宋纪蓉 | |
| 330 | @a本书共24章,以热效应准确度量和热动谱定量描述、解析与应用为主线,阐述了微量热学的技术基础——热电效应,量热原理,基线移位后热动谱峰面积的计算,热导式微热量计的性能检定,量热系统的可靠性,热动力学的基础理论,溶解/反应过程的动力学和热力学等内容。 | |
| 461 | 0 | @12001 @a现代化学基础丛书@1035 @a(A100000NLC)002898022 |
| 606 | 0 | @a量热学@x基本知识 |
| 606 | 0 | @a量热学 |
| 690 | @aO551.1@v4 | |
| 701 | 0 | @a胡荣祖@9hu rong zu@f(1938~)@4主编 |
| 801 | 0 | @aCN@bNLC@c20120116 |
| 905 | @b846658-60@dO551.1@e40@f3 | |
| 量热学基础与应用/胡荣祖[等]主编.-北京:科学出版社,2011.10 |
| 16,643页;24cm.-(现代化学基础丛书;25) |
| ISBN 978-7-03-032479-5:CNY98.00 |
| 本书共24章,以热效应准确度量和热动谱定量描述、解析与应用为主线,阐述了微量热学的技术基础——热电效应,量热原理,基线移位后热动谱峰面积的计算,热导式微热量计的性能检定,量热系统的可靠性,热动力学的基础理论,溶解/反应过程的动力学和热力学等内容。 |
| ● |
| 相关链接 |
|
|
|
|
正题名:量热学基础与应用
索取号:O551.1/40
 
预约/预借
| 序号 | 登录号 | 条形码 | 馆藏地/架位号 | 状态 | 备注 |
| 1 | 846658 | 208466587 | 第二样本阅览室/ [索取号:O551.1/40] | 在馆 | |
| 2 | 846659 | 208466596 | 第三借阅区/ [索取号:O551.1/40] | 在馆 | |
| 3 | 846660 | 208466603 | 第三借阅区/ [索取号:O551.1/40] | 在馆 |